000 00632nam a22001695i 4500
001 153384
003 ES-MaACL
005 20250709062530.0
008 040802s1884 gw a |||| | ger d
040 _aCAM
_bspa
_cCAM
245 0 0 _aDaheim-Kalender für das Deutsch Reich auf das Schaltjahr 1884 /
_cherausgegeben von der Redaktion des Daheim.
260 _aBielefeld :
_bund Leipzig,
_cVelhagen & Klasing
_c[s.a.]
300 _a272 p., [4] h. de lám. :
_bil. ;
_c18 cm.
852 _aES-MaACL
_jC-3021
_z-- Enc. cartón il.: "X.A. v. O.Roth"
_z-- Legado de M. de la Fuente
942 _2udc
_cPERIODICA
999 _c153384
_d153384